Statystyki dla Wymień wszystkie litery alfabetu polskiego w 30 sekund

Kliknij tutaj aby rozwiązać quiz!

Ogólne statystyki

  • Ten quiz został rozwiązany 862 razy
  • Średni wynik to 29 z 32

Statystyki odpowiedzi

litera% Poprawnych
a
99%
ą
99%
e
96%
ę
96%
d
95%
b
93%
c
93%
ć
93%
f
93%
i
93%
j
93%
g
92%
h
92%
k
92%
l
92%
ł
92%
o
92%
ó
92%
p
92%
r
91%
t
90%
s
89%
ś
89%
n
88%
ń
88%
m
87%
u
87%
w
86%
z
83%
ź
83%
ż
83%
y
82%

Rozkład punktacji

Percentyl według liczby udzielonych odpowiedzi

Procent ludzi z każdym wynikiem

Twoja historia wyników

Nie rozwiązałeś tego quizu